National parks and protected areas : approaches for balancing social, economic, and ecological values (Record no. 51951)

MARC details
000 -LEADER
fixed length control field 00842nam a2200205 a 4500
008 - FIXED-LENGTH DATA ELEMENTS--GENERAL INFORMATION
fixed length control field 060316s2005 ||||||||||||||||| || u
020 ## - INTERNATIONAL STANDARD BOOK NUMBER
International Standard Book Number 0813812488
050 ## - LIBRARY OF CONGRESS CALL NUMBER
Classification number SB 486.M35 Pra
100 ## - MAIN ENTRY--PERSONAL NAME
Personal name Prato, Tony
245 10 - TITLE STATEMENT
Title National parks and protected areas : approaches for balancing social, economic, and ecological values
260 ## - PUBLICATION, DISTRIBUTION, ETC.
Place of publication, distribution, etc. Ames:
Name of publisher, distributor, etc. Blackwell Publishing
Date of publication, distribution, etc. 2005
300 ## - PHYSICAL DESCRIPTION
Extent xi, 446 p. : ill.
350 ## - PRICE (NR) (BK AM CF MU VM SE) [OBSOLETE]
Price 0.00
650 ## - SUBJECT ADDED ENTRY--TOPICAL TERM
Topical term or geographic name entry element NATIONAL PARKS AND RESERVES--UNITED STATES--MANAGEMENT
650 ## - SUBJECT ADDED ENTRY--TOPICAL TERM
Topical term or geographic name entry element NATIONAL PARKS AND RESERVES--MANAGEMENT
650 ## - SUBJECT ADDED ENTRY--TOPICAL TERM
Topical term or geographic name entry element PROTECTED AREAS - MANAGEMENT
650 ## - SUBJECT ADDED ENTRY--TOPICAL TERM
Topical term or geographic name entry element PROTECTED AREAS - UNITED STATES - MANAGEMENT
700 ## - ADDED ENTRY--PERSONAL NAME
Personal name Fagre, Dan
995 ## - RECOMMENDATION 995 [LOCAL, UNIMARC FRANCE]
-- 0.00
-- CBU-MAIN LIBRARY (Kitwe)
-- 1
-- 37.95
-- 1
-- AVAILABLE
-- Main Library Open Access Collection
Holdings
Withdrawn status Lost status Source of classification or shelving scheme Damaged status Not for loan Home library Current library Shelving location Date acquired Total Checkouts Full call number Barcode Date last seen Price effective from Koha item type
          CBU-MAIN LIBRARY, KITWE. CBU-MAIN LIBRARY, KITWE.   11/30/2022   SB 486.M35 Pra 41957 11/30/2022 11/30/2022 MONOGRAPH